| 000 | 00490 a2200133 4500 | ||
|---|---|---|---|
| 001 | 91344 | ||
| 082 | _aPR 1250 | ||
| 090 |
_c43464 _d43463 |
||
| 100 | _aMuhammed Muddasir ul Hasan; Prof Waqas Islam (Advisor) | ||
| 245 |
_aTo model the wing of Mashshak A/C using COSMOS and determine the structural integrity of its various load carrying members after the installation of new engine _n46 "A" EC |
||
| 260 |
_aKarachi _bNED University _c1997 |
||
| 300 | _a65p | ||
| 500 | _aBE Project Reports | ||
| 942 |
_aCAE NUST _kPR 1250 |
||
| 999 |
_c326417 _d326417 |
||